Technical Efficiency of the Food and Drink Industry and Its Determinants

Hodnotenie technickej efektívnosti (TE) potravinárskych a nápojových spoločností v Českej republike a hľadanie jej determinantov. Analýza založená na údajoch 597 firiem. Kľúčoví hráči na trhu a menej efektívne skupiny spracovateľov. Spoločnosti so zahraničnou majetkovou účasťou majú silnú pozíciu vď...

ver descrição completa

Na minha lista:
Detalhes bibliográficos
Autor principal: Náglová, Zdeňka
Outros Autores: Šimpachová Pechrová, Marie
Formato: Capítulo de Livro
Idioma:inglês
Assuntos:
Tags: Adicionar Tag
Sem tags, seja o primeiro a adicionar uma tag!

MARC

LEADER 00000naa a2200000 4500
001 0280265
005 20211214082043.8
041 0 |a eng 
044 |a CZ 
245 1 0 |a Technical Efficiency of the Food and Drink Industry and Its Determinants  |c Zdeňka Náglová, Marie Šimpachová Pechrová 
520 |a Hodnotenie technickej efektívnosti (TE) potravinárskych a nápojových spoločností v Českej republike a hľadanie jej determinantov. Analýza založená na údajoch 597 firiem. Kľúčoví hráči na trhu a menej efektívne skupiny spracovateľov. Spoločnosti so zahraničnou majetkovou účasťou majú silnú pozíciu vďaka lepšej ekonomike, no výsledky ukázali, že ich efektivita je porovnateľná s výkonnosťou českých firiem. Výsledky potvrdzujúce, že veľkosť spoločnosti ovplyvňuje jej TE. 
610 2 0 |a priemysel potravinársky 
610 2 0 |a nápoje alkoholické 
610 2 0 |a nápoje nealkoholické 
610 2 0 |a efektívnosť techniky 
610 2 0 |a konkurencieschopnosť 
100 1 |a Náglová, Zdeňka 
700 1 |a Šimpachová Pechrová, Marie